5HLuxD.jpg

KING HENRY VIII SENIOR AND PRIMARY SCHOOL LIBRARY OPAC

Ghost hunter (Record no. 3882)

000 -LEADER
fixed length control field 00454nam a22001697a 4500
005 - DATE AND TIME OF LATEST TRANSACTION
control field 20241115144659.0
008 - FIXED-LENGTH DATA ELEMENTS--GENERAL INFORMATION
fixed length control field 241115b ||||| |||| 00| 0 eng d
020 ## - INTERNATIONAL STANDARD BOOK NUMBER
International Standard Book Number 9781510108660
040 ## - CATALOGING SOURCE
Transcribing agency KH8
082 ## - DEWEY DECIMAL CLASSIFICATION NUMBER
Classification number FIC PAV
100 ## - MAIN ENTRY--PERSONAL NAME
Personal name Michelle Paver
Relator term Author
245 ## - TITLE STATEMENT
Title Ghost hunter
Statement of responsibility, etc. Michelle Paver
260 ## - PUBLICATION, DISTRIBUTION, ETC.
Place of publication, distribution, etc. London,
Name of publisher, distributor, etc. Orion Children's Books,
Date of publication, distribution, etc. 2020
300 ## - PHYSICAL DESCRIPTION
Extent 243p.
Other physical details ilustr.
Dimensions 20 cm
-- 20 x 14 x 13 cm
650 ## - SUBJECT ADDED ENTRY--TOPICAL TERM
Topical term or geographic name entry element Volk
942 ## - ADDED ENTRY ELEMENTS (KOHA)
Source of classification or shelving scheme
Koha item type Books - Fiction
Holdings
Withdrawn status Lost status Source of classification or shelving scheme Damaged status Not for loan Collection code Permanent Location Current Location Shelving location Date acquired Total Checkouts Full call number Barcode Date last seen Date last checked out Price effective from Koha item type
          Fiction KH8 Primary School Library KH8 Primary School Library Fiction 2024-11-15 6 FIC PAV KHPL000004586 2025-12-05 2025-09-19 2024-11-15 Books - Fiction

Powered By KH8 IT Dept